Safe keeping / Barbara Taylor Sissel.
Available copies
- 2 of 2 copies available at LARL/NWRL Consortium.
- 1 of 1 copy available at Northwest Regional Library. (Show preferred library)
Current holds
0 current holds with 2 total copies.
Show Only Available Copies
| Location | Call Number / Copy Notes | Barcode | Shelving Location | Status | Due Date |
|---|---|---|---|---|---|
| Warroad Public Library | TAY (Text) | 35500005373822 | Main | Available | - |
| Fosston Public Library | TAY (Text) | 33500011894987 | Main | Available | - |
Record details
- ISBN: 9780778316169 (pbk.)
- ISBN: 0778316165 (pbk.)
- Physical Description: 302 p. ; 21 cm.
- Publisher: Don Mills, Ontario : Harlequin MIRA, ©2014.
Content descriptions
| General Note: | "Reader's guide inside"--p. 4 cover. Includes discussion questions and author interview. |
| Summary, etc.: | When Tucker, her troubled son, is accused of ... Read More |
Search for related items by subject
| Subject: | Families > Fiction. Murder > Investigation > Fiction. Texas > Fiction. |
| Genre: | Suspense fiction. Suspense fiction. Mystery fiction. |
| LDR | 01758cam a2200397Ia 4500 | ||
|---|---|---|---|
| 001 | 164123 | ||
| 003 | LARL_NWRL_CONSORTIUM | ||
| 005 | 20140612110426.0 | ||
| 008 | 130808s2014 onc 000 f eng d | ||
| 020 | . | ‡a9780778316169 (pbk.) | |
| 020 | . | ‡a0778316165 (pbk.) | |
| 035 | . | ‡a(OCoLC)855580427 | |
| 040 | . | ‡aBTCTA ‡beng ‡cBTCTA ‡dWIM ‡dCGP ‡dGL4 ‡dIEP ‡dILC ‡dUPZ | |
| 043 | . | ‡an-us-tx | |
| 050 | 4. | ‡aPS3620.A985 | |
| 082 | 0 | 4. | ‡a813/.6 ‡223 |
| 100 | 1 | . | ‡aTaylor Sissel, Barbara. |
| 245 | 1 | 0. | ‡aSafe keeping / ‡cBarbara Taylor Sissel. |
| 260 | . | ‡aDon Mills, Ontario : ‡bHarlequin MIRA, ‡c©2014. | |
| 300 | . | ‡a302 p. ; ‡c21 cm. | |
| 500 | . | ‡a"Reader's guide inside"--p. 4 cover. | |
| 500 | . | ‡aIncludes discussion questions and author interview. | |
| 520 | . | ‡aWhen Tucker, her troubled son, is accused of murder, Emily Lebay, forced to confront the unfathomable, and her daughter Lissa, unable to believe that he is responsible for these brutal crimes, set out to learn the truth about Tucker and discover something far more shocking than their darkest fears. | |
| 650 | 0. | ‡aFamilies ‡vFiction. ‡0(LARL_NWRL_CONSORTIUM)164942 | |
| 650 | 0. | ‡aMurder ‡xInvestigation ‡vFiction. ‡0(LARL_NWRL_CONSORTIUM)166203 | |
| 651 | 0. | ‡aTexas ‡vFiction. ‡0(LARL_NWRL_CONSORTIUM)167647 | |
| 655 | 0. | ‡aSuspense fiction. | |
| 655 | 7. | ‡aSuspense fiction. ‡2gsafd | |
| 655 | 7. | ‡aMystery fiction. ‡2gsafd | |
| 948 | . | ‡hNO HOLDINGS IN LAL - 326 OTHER HOLDINGS | |
| 994 | . | ‡aZ0 ‡bLAL | |
| 901 | . | ‡a164123 ‡bOCLC ‡c164123 ‡tbiblio | |

Add to basket
Permalink
Disable Highlighting